Técnica y espíritu del camping / (Record no. 71536)

MARC details
000 -LEADER
campo de control de longitud fija 00810nam a2200241 i 4500
001 - NÚMERO DE CONTROL
campo de control 71536
003 - IDENTIFICADOR DE NÚMERO DE CONTROL
campo de control ES-MaACL
005 - FECHA Y HORA DE LA ÚLTIMA TRANSACCIÓN
campo de control 20250827035255.0
007 - CAMPO FIJO DE DESCRIPCIÓN FÍSICA--INFORMACIÓN GENERAL
campo de control de longitud fija t|
008 - DATOS DE LONGITUD FIJA--INFORMACIÓN GENERAL
campo de control de longitud fija 040812s1958 sp af ||||1| spa d
080 ## - NÚMERO DE LA CLASIFICACIÓN DECIMAL UNIVERSAL
Número de la Clasificación Decimal Universal 796.545
100 1# - ENTRADA PRINCIPAL--NOMBRE DE PERSONA
Nombre de persona Genovés Guillem, Enrique.
9 (RLIN) 56345
245 10 - MENCIÓN DEL TÍTULO
Título Técnica y espíritu del camping /
Mención de responsabilidad, etc. Enrique Genovés Guillem ; con dibujos y croquis del autor ; prólogo de Víctor José Jiménez Malo de Molina.
260 ## - PUBLICACIÓN, DISTRIBUCIÓN, ETC.
Lugar de publicación, distribución, etc. Barcelona :
Nombre del editor, distribuidor, etc. Hispano Europea,
Fecha de publicación, distribución, etc. [1958] (
Fabricante Ariel)
300 ## - DESCRIPCIÓN FÍSICA
Extensión 274 p., 2 lám. :
Otras características físicas il. ;
Dimensiones 20 cm.
490 1# - MENCIÓN DE SERIE
Mención de serie Herakles
650 07 - PUNTO DE ACCESO ADICIONAL DE MATERIA--TÉRMINO DE MATERIA
Término de materia o nombre geográfico como elemento de entrada Excursionismo
Fuente del encabezamiento o término embne
9 (RLIN) 12651
650 #4 - PUNTO DE ACCESO ADICIONAL DE MATERIA--TÉRMINO DE MATERIA
Término de materia o nombre geográfico como elemento de entrada Camping.
9 (RLIN) 156713
700 1# - ENTRADA AGREGADA--NOMBRE PERSONAL
Nombre de persona Jiménez Malo de Molina, Víctor José.
9 (RLIN) 66558
830 0# - PUNTO DE ACCESO ADICIONAL DE SERIE-TÍTULO UNIFORME
Título uniforme Herakles
9 (RLIN) 180867
852 ## - LOCALIZACIÓN
Ubicación ES-MaACL
Número de control de estantería C-15768
Holdings
Estatus retirado Estado de pérdida Estado de daño No para préstamo Biblioteca de origen Biblioteca actual Ubicación en estantería Fecha de adquisición Fuente de adquisición Total de préstamos Signatura topográfica completa Código de barras Visto por última vez Precio de reemplazo Tipo de ítem Koha
        Biblioteca del Ateneo de Madrid Biblioteca del Ateneo de Madrid Ficheros 17/01/2008     C-15768 1074893 23/02/2023 23/02/2023 Libro impreso